<?xml version="1.0" encoding="UTF-8"?>
<collection xmlns="http://www.loc.gov/MARC21/slim">
<record>
  <controlfield tag="001">111723</controlfield>
  <controlfield tag="005">20220329090258.0</controlfield>
  <datafield tag="037" ind1=" " ind2=" ">
    <subfield code="a">TAZ-TFG-2022-357</subfield>
  </datafield>
  <datafield tag="041" ind1=" " ind2=" ">
    <subfield code="a">spa</subfield>
  </datafield>
  <datafield tag="100" ind1="1" ind2=" ">
    <subfield code="a">Langa Manchón, Jon</subfield>
  </datafield>
  <datafield tag="242" ind1="0" ind2="0">
    <subfield code="a">Prevalence of Leishmania infantum in stray cats using the Simplified Direct Aglutination Test</subfield>
  </datafield>
  <datafield tag="245" ind1="0" ind2="0">
    <subfield code="a">Prevalencia de Leishmania infantum en gatos vagabundos mediante la técnica de Aglutinación Directa Simplificada</subfield>
  </datafield>
  <datafield tag="260" ind1=" " ind2=" ">
    <subfield code="a">Zaragoza</subfield>
    <subfield code="b">Universidad de Zaragoza</subfield>
    <subfield code="c">2022</subfield>
  </datafield>
  <datafield tag="506" ind1=" " ind2=" ">
    <subfield code="a">by-nc-sa</subfield>
    <subfield code="b">Creative Commons</subfield>
    <subfield code="c">3.0</subfield>
    <subfield code="u">http://creativecommons.org/licenses/by-nc-sa/3.0/</subfield>
  </datafield>
  <datafield tag="520" ind1=" " ind2=" ">
    <subfield code="a">La leishmaniosis es una enfermedad endémica en España, cuyo agente etiológico es Leishmania &lt;br />infantum y su principal reservorio es el perro. Es una parasitación frecuente en la especie canina &lt;br />mientras que apenas hay información de este proceso en la especie felina. Existen dudas respecto al &lt;br />papel de gato tanto en la transmisión como en la susceptibilidad a la enfermedad y existen pocos &lt;br />estudios de prevalencia en esta especie. La leishmaniosis se transmite por la picadura de &lt;br />flebotomos, por lo que animales vagabundos o aquellos que viven o duermen en el exterior están &lt;br />más expuestos a la parasitación. El diagnóstico se puede realizar mediante técnicas indirectas. La &lt;br />Técnica de Aglutinación Directa Simplificada (DAT Simplificada) se ha utilizado en la especie canina &lt;br />con buenos resultados, pero hasta la fecha no se ha evaluado su efectividad en la especie felina.&lt;br />En este Trabajo Fin de Grado se ha realizado un estudio sobre la prevalencia de Leishmania infantum&lt;br />en la población felina callejera de Zaragoza mediante una modificación de la Técnica de Aglutinación &lt;br />Directa (DAT Simplificada) y posteriormente se han comparado los resultados y el protocolo con una&lt;br />técnica de referencia (Inmunofluorescencia Indirecta).&lt;br />En este estudio se ha observado que de la población felina estudiada (n=88), un 10’2% es &lt;br />seropositiva frente a L. infantum y tras la comparación entre la DAT Simplificada y la &lt;br />Inmunofluorescencia Indirecta, se determina que la DAT es una técnica válida para su uso en esta &lt;br />especie, usando como punto de corte la dilución 1:100. &lt;br />&lt;br /></subfield>
  </datafield>
  <datafield tag="521" ind1=" " ind2=" ">
    <subfield code="a">Graduado en Veterinaria</subfield>
  </datafield>
  <datafield tag="540" ind1=" " ind2=" ">
    <subfield code="a">Derechos regulados por licencia Creative Commons</subfield>
  </datafield>
  <datafield tag="700" ind1=" " ind2=" ">
    <subfield code="a">Gracia Salinas, María Jesús</subfield>
    <subfield code="e">dir.</subfield>
  </datafield>
  <datafield tag="700" ind1=" " ind2=" ">
    <subfield code="a">Peris Peris, Mª Paz</subfield>
    <subfield code="e">dir.</subfield>
  </datafield>
  <datafield tag="710" ind1="2" ind2=" ">
    <subfield code="a">Universidad de Zaragoza</subfield>
    <subfield code="b">Patología Animal</subfield>
    <subfield code="c">Sanidad Animal</subfield>
  </datafield>
  <datafield tag="856" ind1="0" ind2=" ">
    <subfield code="f">718085@unizar.es</subfield>
  </datafield>
  <datafield tag="856" ind1="4" ind2=" ">
    <subfield code="s">1049918</subfield>
    <subfield code="u">http://zaguan.unizar.es/record/111723/files/TAZ-TFG-2022-357.pdf</subfield>
    <subfield code="y">Memoria (spa)</subfield>
  </datafield>
  <datafield tag="909" ind1="C" ind2="O">
    <subfield code="o">oai:zaguan.unizar.es:111723</subfield>
    <subfield code="p">driver</subfield>
    <subfield code="p">trabajos-fin-grado</subfield>
  </datafield>
  <datafield tag="950" ind1=" " ind2=" ">
    <subfield code="a"></subfield>
  </datafield>
  <datafield tag="980" ind1=" " ind2=" ">
    <subfield code="a">TAZ</subfield>
    <subfield code="b">TFG</subfield>
    <subfield code="c">VET</subfield>
  </datafield>
  <datafield tag="999" ind1=" " ind2=" ">
    <subfield code="a">20220215222328.CREATION_DATE</subfield>
  </datafield>
  <datafield tag="951" ind1=" " ind2=" ">
    <subfield code="a">deposita:2022-03-29</subfield>
  </datafield>
</record>
</collection>